Vista normal
Vista MARC
Entrada Nombre de reunión
Número de registros utilizados en: 1
001 - NÚMERO DE CONTROL
- campo de control: 57867
003 - IDENTIFICADOR DEL NÚMERO DE CONTROL
- campo de control: OSt
005 - FECHA Y HORA DE LA ÚLTIMA TRANSACCIÓN
- campo de control: 20200615034926.0
008 - DATOS DE LONGITUD FIJA
- campo de control de longitud fija: 200615|| aca||aabn | a|a d
040 ## - FUENTE DE LA CATALOGACIÓN
- Centro catalogador/agencia de origen: OSt
- Centro/agencia transcriptor: OSt
111 ## - ENCABEZAMIENTO--NOMBRE DE CONGRESO/REUNIÓN
- Nombre de congreso/reunión o jurisdicción como elemento de entrada: Congreso Internacional de Historia Económica y Social de la Cuenca del Caribe, 1763-1898
- Número del congreso/reunión o número de parte o sección: ( 1:
- Fecha del congreso/reunión: 1987 :
- Sede del congreso/Lugar de la reunión: San Juan, P.R.)
670 ## - FUENTE DE DATOS ENCONTRADOS
- Cita de la fuente: Work cat.: (OSt)30972: Congreso Internacional de Historia Económica y Social de la Cuenca del Caribe, 1763-1898 ( 1: 1987 : San Juan, P.R.), Primer congreso internacional de historia económica y social de la cuenca del caribe 1763-1898., 1992.
